000
00299nam a22001337a 4500
008
170315b xxu||||| |||| 00| 0 eng d
020
_a
9780131525634
041
_a
eng
080
_2
5 ED
_a
591
100
_a
7
101
_a
SHM
245
_a
ENTOMOLOGY PEST MANAGEMENT
_c
PEDIGO.L.P
942
_2
udc
_c
BK
999
_c
7812
_d
7812